MARC details
| 000 -CABECERA |
| campo de control de longitud fija |
02348nam a22003498i 4500 |
| 001 - NÚMERO DE CONTROL |
| campo de control |
991026806116407026 |
| 003 - IDENTIFICADOR DEL NÚMERO DE CONTROL |
| campo de control |
UkOxU |
| 007 - CAMPO FIJO DE DESCRIPCIÓN FÍSICA--INFORMACIÓN GENERAL |
| campo de control de longitud fija |
t| |
| 008 - DATOS DE LONGITUD FIJA--INFORMACIÓN GENERAL |
| campo de control de longitud fija |
231106s2024 enk 000|f|eng|d |
| 020 ## - NÚMERO INTERNACIONAL ESTÁNDAR DEL LIBRO |
| Número Internacional Estándar del Libro |
9780241984406 |
| 024 8# - IDENTIFICADOR DE OTROS ESTÁNDARES |
| Número estándar o código |
CIPO000026161 |
| 035 ## - NÚMERO DE CONTROL DEL SISTEMA |
| Número de control de sistema |
()9780241984406 |
| 035 ## - NÚMERO DE CONTROL DEL SISTEMA |
| Número de control de sistema |
(StEdALDL)1/4380522 |
| 040 ## - FUENTE DE LA CATALOGACIÓN |
| Centro catalogador/agencia de origen |
StDuBDS |
| Lengua de catalogación |
eng |
| Centro/agencia transcriptor |
StDuBDS |
| Normas de descripción |
rda |
| Centro/agencia modificador |
UkOxU |
| 041 ## - CÓDIGO DE LENGUA |
| Código de lengua del texto/banda sonora o título independiente |
English |
| 100 ## - ENTRADA PRINCIPAL--NOMBRE DE PERSONA |
| Nombre de persona |
Murray, Paul |
| Fechas asociadas al nombre |
1975- |
| Término indicativo de función/relación |
author |
| 9 (RLIN) |
26541 |
| 245 14 - MENCIÓN DE TÍTULO |
| Título |
The bee sting |
| Mención de responsabilidad, etc. |
/ Paul Murray. |
| 264 #1 - PRODUCCIÓN, PUBLICACIÓN, DISTRIBUCIÓN, FABRICACIÓN Y COPYRIGHT |
| Producción, publicación, distribución, fabricación y copyright |
London : |
| Nombre del de productor, editor, distribuidor, fabricante |
Penguin Books, |
| Fecha de producción, publicación, distribución, fabricación o copyright |
2024. |
| 300 ## - DESCRIPCIÓN FÍSICA |
| Extensión |
645 pages ; |
| Dimensiones |
20 cm |
| 520 ## - SUMARIO, ETC. |
| Sumario, etc. |
The Barnes family is in trouble. Dickie's once-lucrative car business is going under - but rather than face the music, he's spending his days in the woods, building an apocalypse-proof bunker with a renegade handyman. His wife, Imelda, is selling off her jewellery on eBay and half-heartedly dodging the attentions of fast-talking cattle farmer Big Mike, while their teenage daughter Cass, formerly top of her class, seems determined to binge-drink her way to her final exams. And twelve-year-old PJ, in debt to local sociopath 'Ears' Moran, is putting the final touches to his grand plan to run away from home. The present is in meltdown, but the causes lie deep in the past. If you wanted to change this story, how far back would you have to go? To the car crash twelve months before Cass was born? To the infamous bee sting which ruined Imelda's wedding day? All the way back to Dickie at ten years old, trembling before his father in the garden, learning how to be a man? Is it possible that a single moment of bad luck set in motion everything that came after? And does that mean the fate of the Barnes family is already sealed? They are facing a reckoning. If they can't change the past, or rewrite the story they have already lived, is it too late for a happy ending? |
| 650 #0 - PUNTO DE ACCESO ADICIONAL DE MATERIA--TÉRMINO DE MATERIA |
| Término de materia o nombre geográfico como elemento de entrada |
Families |
| Subdivisión de forma |
Fiction |
| Subdivisión geográfica |
Ireland |
| 9 (RLIN) |
26545 |
| 650 #0 - PUNTO DE ACCESO ADICIONAL DE MATERIA--TÉRMINO DE MATERIA |
| Término de materia o nombre geográfico como elemento de entrada |
Fortune |
| Subdivisión de forma |
Fiction |
| 9 (RLIN) |
26542 |
| 650 #0 - PUNTO DE ACCESO ADICIONAL DE MATERIA--TÉRMINO DE MATERIA |
| Término de materia o nombre geográfico como elemento de entrada |
Bunkers (Fortification) |
| Subdivisión de forma |
Fiction |
| 9 (RLIN) |
26543 |
| 650 #0 - PUNTO DE ACCESO ADICIONAL DE MATERIA--TÉRMINO DE MATERIA |
| Término de materia o nombre geográfico como elemento de entrada |
Dysfunctional families |
| Subdivisión de forma |
Fiction |
| 9 (RLIN) |
24066 |
| 650 #0 - PUNTO DE ACCESO ADICIONAL DE MATERIA--TÉRMINO DE MATERIA |
| Término de materia o nombre geográfico como elemento de entrada |
Interpersonal relations |
| Subdivisión de forma |
Fiction |
| 9 (RLIN) |
24021 |
| 650 #0 - PUNTO DE ACCESO ADICIONAL DE MATERIA--TÉRMINO DE MATERIA |
| Término de materia o nombre geográfico como elemento de entrada |
Social classes |
| Subdivisión de forma |
Fiction |
| 9 (RLIN) |
24096 |
| 650 #0 - PUNTO DE ACCESO ADICIONAL DE MATERIA--TÉRMINO DE MATERIA |
| Término de materia o nombre geográfico como elemento de entrada |
Family secrets |
| Subdivisión de forma |
Fiction |
| 9 (RLIN) |
23679 |
| 650 #0 - PUNTO DE ACCESO ADICIONAL DE MATERIA--TÉRMINO DE MATERIA |
| Término de materia o nombre geográfico como elemento de entrada |
Married people |
| Subdivisión de forma |
Fiction |
| 9 (RLIN) |
23930 |
| 655 #0 - TÉRMINO DE INDIZACIÓN--GÉNERO/FORMA |
| Datos o término principal de género/forma |
Psychological fiction |
| 9 (RLIN) |
22456 |
| 655 #0 - TÉRMINO DE INDIZACIÓN--GÉNERO/FORMA |
| Datos o término principal de género/forma |
Humorous fiction |
| 9 (RLIN) |
22906 |
| 942 ## - ELEMENTOS DE ENTRADA AGREGADA (KOHA) |
| Fuente del sistema de clasificación o colocación |
Clasificación de Library of Congress |